| 000 | 00498cam a22002053 4500 | ||
|---|---|---|---|
| 001 | 12749484 | ||
| 005 | 20180215044742.0 | ||
| 008 | 020422s1943 mdua 000 0 eng | ||
| 010 | _a 43010847 | ||
| 040 |
_aDLC _cDLC |
||
| 041 | _aeng | ||
| 080 | _a611 GRA | ||
| 082 | _a611 GRA | ||
| 100 | 1 | _a6 | |
| 101 | _aANA | ||
| 245 | 1 | 3 |
_aAn atlas of anatomy _cby J.C. Boileau Grant. |
| 906 |
_a0 _bcbc _cpremver _du _encip _f19 _gy-gencatlg |
||
| 942 |
_2ddc _cBK |
||
| 999 |
_c42617 _d42617 |
||